| 000 | 00704nam a2200193 4500 | ||
|---|---|---|---|
| 008 | 080708s2008 ch 000 0 chi | ||
| 020 |
_a9789861980546 : _cNT350/277/Php387.80 |
||
| 090 |
_aBS2651 _bT15t _b2008 _bc.2 |
||
| 100 | 1 | _aTan, Che-Bin | |
| 245 | 1 | 0 |
_a保羅神學的10堂課 : _bRemainder of title Ten lectures on Pauline theology / _cChe-Bin Tan |
| 260 |
_aTaipei : _bCampus Evangelical Fellowship, _cc2008 |
||
| 300 | _a375 p. | ||
| 504 | _aIncludes bibliographical refrences (pp. 373-373). | ||
| 600 | 1 | 4 |
_aPaul, The Apostle, Saint _xTheology {ch} |
| 630 | 0 | 4 |
_aBible. N.T. Epistles of Paul _xTheology {ch} |
| 650 | 4 |
_aTheology, Doctrinal _xPauline {ch} |
|
| 942 | _2lcc | ||
| 999 |
_c32797 _d32797 |
||